The Third Temple's Holy of Holies : Israel's nuclear weapons /

Abstract: "This paper is a history of the Israeli nuclear weapons program drawn from a review of unclassified sources ... Israel has most probably conducted several nuclear bomb tests. They have continued to modernize and vertically proliferate and are now one of the world's larger nucle...

Full description

Bibliographic Details
Main Author: Farr, Warner D.
Corporate Author: USAF Counterproliferation Center (U.S.)
Format: Book
Language:English
Published: Maxwell Air Force Base, Ala. : USAF Counterproliferation Center, Air University, 1999.
Series:Counterproliferation papers. Future warfare series ; no. 2.
Subjects:

MARC

Tag First Indicator Second Indicator Subfields
LEADER 00000cam a2200000Ia 4500
001 in00001617543
005 20151023054420.0
008 000111s1999 alu b f000 0 eng d
035 |a (OCoLC)ocm43251126 
040 |a AAU  |c AAU  |d TXA  |d UtOrBLW 
049 |a TXAM 
090 |a U264.5.I75  |b F37 1999 
092 |a 355.825119  |b F24t 
100 1 |a Farr, Warner D. 
245 1 4 |a The Third Temple's Holy of Holies :  |b Israel's nuclear weapons /  |c Warner D. Farr. 
246 3 0 |a Israel's nuclear weapons 
264 1 |a Maxwell Air Force Base, Ala. :  |b USAF Counterproliferation Center, Air University,  |c 1999. 
300 |a iv, 34 pages ;  |c 26 cm. 
336 |a text  |b txt  |2 rdacontent 
337 |a unmediated  |b n  |2 rdamedia 
338 |a volume  |b nc  |2 rdacarrier 
490 1 |a Counterproliferation papers. Future warfare series ;  |v no. 2 
500 |a "September 1999" 
505 0 |a Abstract -- Introduction -- 1948-1962: With French cooperation -- 1963-1973: Seeing the project through to completion -- 1974-1999: Bringing the bomb up the basement stairs. Appendix: Estimates of the Israeli nuclear arsenal. 
520 |a Abstract: "This paper is a history of the Israeli nuclear weapons program drawn from a review of unclassified sources ... Israel has most probably conducted several nuclear bomb tests. They have continued to modernize and vertically proliferate and are now one of the world's larger nuclear powers. Using 'bomb in the basement' nuclear opacity, Israel has been able to use its arsenal as a deterrent to the Arab world while not technically violating American nonproliferation requirements." 
504 |a Includes bibliographical references: (pages 25-34). 
650 0 |a Nuclear weapons  |z Israel. 
650 0 |a Nuclear weapons  |z Israel  |x History. 
651 0 |a Israel  |x Military policy. 
651 0 |a Israel  |x Foreign relations  |z United States  |x History. 
651 0 |a United States  |x Foreign relations  |z Israel  |x History. 
710 2 |a USAF Counterproliferation Center (U.S.) 
830 0 |a Counterproliferation papers.  |p Future warfare series ;  |v no. 2. 
994 |a E0  |b TXA 
948 |a cataloged  |b h  |c 2001/6/7  |d c  |e nrodrigu  |f 3:11:00 pm 
999 |a MARS 
999 f f |s faa9fe66-2d48-3baa-b600-031cf88f7129  |i 7e1a1fa9-5748-397c-9a5b-55229452466d  |t 0 
952 f f |p noncirc  |a Texas A&M University  |b College Station  |c Cushing Memorial Library & Archives  |d Cushing: Ragan Military (Does not check out)  |t 0  |e U264.5.I75 F37 1999  |h Library of Congress classification  |i unmediated -- volume 
998 f f |a U264.5.I75 F37 1999  |t 0  |l Cushing: Ragan Military (Does not check out)